| 000 | 00728cam a2200253 i 4500 | ||
|---|---|---|---|
| 999 |
_c7821 _d7821 |
||
| 001 | 4154120 | ||
| 003 | OSt | ||
| 005 | 20220919153513.0 | ||
| 008 | 780201s1978 nyua b 001 0 eng | ||
| 010 | _a 78001623 | ||
| 020 | _a0387903127 | ||
| 040 |
_aDLC _cDLC _dDLC |
||
| 050 | 0 | 0 |
_aQA611.3 _b.S74 1978 |
| 082 | 0 | 0 | _a514 STE 1978 |
| 100 | 1 |
_aSteen, Lynn Arthur; Seebach, J. Arthur, _915920 |
|
| 245 | 1 | 0 | _aCounter examples in Topology |
| 250 | _a2d ed. | ||
| 260 |
_aNew York : _bSpringer-Verlag, _cc1978. |
||
| 300 |
_axi, 244 p. : _bill. ; _c24 cm. |
||
| 504 | _aBibliography: p. 228-235 & Includes index. | ||
| 650 | 0 |
_aTopology _910309 |
|
| 906 |
_a7 _bcbc _corignew _d1 _eocip _f19 _gy-gencatlg |
||
| 942 |
_2ddc _cO_SHELF |
||